header

Democratic breakdown and the decline of the Russian military (Record no. 2509)

MARC details
000 -LEADER
fixed length control field 01849nam a2200397 a 4500
082 04 - DEWEY DECIMAL CLASSIFICATION NUMBER
Classification number 322/.50947
100 1# - MAIN ENTRY--AUTHOR NAME
Personal name Barany, Zoltan D.
245 10 - TITLE STATEMENT
Title Democratic breakdown and the decline of the Russian military
260 ## - PUBLICATION, DISTRIBUTION, ETC. (IMPRINT)
Place of publication Princeton :
Name of publisher Princeton University Press,
Year of publication c2007.
300 ## - PHYSICAL DESCRIPTION
Number of Pages xi, 247 p.
505 0# - FORMATTED CONTENTS NOTE
Formatted contents note Introduction -- The tragedy and symbolism of the Kursk -- Assessing decay: the Soviet/Russian military, 1985-2006 -- Explaining the military's political presence -- The elusive defense reform -- Civil-military relations and superpresidentialism -- Conclusion.
650 #0 - SUBJECT ADDED ENTRY--TOPICAL TERM
Topical Term Civil-military relations
856 40 - ELECTRONIC LOCATION AND ACCESS
Uniform Resource Identifier http://site.ebrary.com/lib/rucke/Doc?id=10284073

No items available.

© 2026 Rongo University
Contact us: librarian | system librarian | Rongo university